Spectral well logging ; geochemical studies of sedimentary rocks /

Bibliographic Details
Main Author: Kudymov, Boris I︠A︡kovlevich
Format: Book
Language:English
Russian
Subjects:

MARC

Tag First Indicator Second Indicator Subfields
LEADER 00000cam a2200000 4500
001 in00000047166
005 20151007065447.0
008 750409s1962 ne a 00000 eng
010 |a  62021660  
035 |a (OCoLC)01263428 
035 |9 AAE2036AM 
040 |a DLC  |c TOL  |d TXA  |d UtOrBLW 
041 1 |a eng  |a rus 
049 |a TXAM  |c [453337] 
050 0 0 |a QE438  |b .K813 
082 0 |a 552.5 
092 |a 552.5  |b K95s, 1962 
100 1 |a Kudymov, Boris I︠A︡kovlevich. 
245 1 0 |a Spectral well logging ;  |b geochemical studies of sedimentary rocks /  |c Russian text edited by V. A. Sokolov. [Translated by Paul T. Broneer]. 
264 2 |a Amsterdam,  |a New York :  |b Elsevier Pub. Co.; [sole distributors for the U. S. American Elsevier Pub. Co., New York],  |c 1962. 
300 |a 77 pages :  |b illustrations ;  |c 22 cm. 
336 |a text  |b txt  |2 rdacontent 
337 |a unmediated  |b n  |2 rdamedia 
338 |a volume  |b nc  |2 rdacarrier 
650 0 |a Rocks  |x Analysis. 
650 0 |a Spectrum analysis. 
650 0 |a Petrology  |z Soviet Union. 
650 0 |a Sedimentary rocks. 
999 |a MARS 
999 f f |s d0a36f4b-5f72-3b8a-ab99-9f8d491e6939  |i 7f0199be-6092-365d-b5d9-94bbb5d5423a  |t 0 
952 f f |p ric  |a Texas A&M University  |b Rellis Campus  |c Joint Library Facility  |d Remote Storage  |t 0  |e QE438 .K813  |h Library of Congress classification  |i unmediated -- volume  |m A14800957547 
998 f f |a QE438 .K813  |t 0  |l Remote Storage